Entry Personal Name
Number of records used in: 3
001 - CONTROL NUMBER
003 - CONTROL NUMBER IDENTIFIER
005 - DATE AND TIME OF LATEST TRANSACTION
- control field:
20200125123836.0
008 - FIXED-LENGTH DATA ELEMENTS
- fixed length control field:
790510n| acannaab |n aaa
010 ## - LIBRARY OF CONGRESS CONTROL NUMBER
- LC control number:
n 79043670
040 ## - CATALOGING SOURCE
- Original cataloging agency:
DLC
- Transcribing agency:
DLC
- Modifying agency:
DLC
100 10 - HEADING--PERSONAL NAME
- Personal name:
O'Brien, James A.,
- Dates associated with a name:
1936-
670 ## - SOURCE DATA FOUND
- Source citation:
His The impact of computers on banking, 1968.
670 ## - SOURCE DATA FOUND
- Source citation:
His Introduction to information systems, c1995:
- Information found:
CIP t.p. (James A. O'Brien) galley (prof., compuer info. systems, College of Business Admin., Northern Arizona Univ.; Ph.D., business admin., Univ. of Oregon)
670 ## - SOURCE DATA FOUND
- Source citation:
LC manual cat, Feb. 10, 2005:
- Information found:
(James A. O'Brien, Jr.; author has no middle name, just middle initial; b. Dec. 28, 1936; asst. prof. of finance, Eastern Washington State College)